[Event "World-chT Rapid"]
[Site "Dusseldorf"]
[Date "2023.08.26"]
[Round "2.17"]
[White "Peglau, Dora"]
[Black "Holoubek, Jonas"]
[Result "1-0"]
[WhiteElo "2052"]
[BlackElo "1570"]
[PlyCount "47"]
[EventDate "2023.08.26"]
[EventType "team-swiss (rapid)"]
[EventRounds "12"]
[EventCountry "GER"]
[SourceTitle "CBM 215 Extra"]
[Source "ChessBase"]
[SourceDate "2023.09.30"]
[SourceVersion "1"]
[SourceVersionDate "2023.09.30"]
[SourceQuality "1"]
[WhiteTeam "Mitropa Chess Association"]
[BlackTeam "Bayreuth Unischach"]
[WhiteTeamCountry "GER"]
[BlackTeamCountry "GER"]

1. d4 Nf6 2. Nf3 g6 3. Nbd2 Bg7 4. e4 d6 5. Bd3 c5 6. c3 0-0 7. 0-0 Bg4 8. Re1 Nc6 9. h3 cxd4 10. hxg4 dxc3 11. bxc3 Nxg4 12. Rb1 b6 13. Nd4 Nge5 14. Ba6 e6 15. Nxc6 Qh4 16. Nxe5 Bxe5 17. Nf3 Qh5 18. Nxe5 Qxe5 19. Qd4 Qa5 20. Bf1 Qxa2 21. Bh6 e5 22. Qxd6 f6 23. Qc7 Rf7 24. Bc4 1-0